000 00453nam a2200169Ia 4500
008 180921t2013 xxu||||| |||| 00| 0 sin d
041 _asin
080 _aX 8C
_bLIY
100 _aLiyanage, Hemachandrika
245 _aතැනට සුදුසු නුවණ
246 _aThanata Sudusu Nuwana
260 _bPassan Prakashana
_aPannipitiya
_c2013
300 _b21 cm
942 _cBK
999 _c3299
_d3299
003 LK-CoDNM
040 _aLK-CoDNM
_dLK-CoDNM
_eLK-CoDNM